000 00291nam a22001337a 4500
008 181012b xxu||||| |||| 00| 0 eng d
020 _a0060668563
041 _aeng
080 _a201
100 _a24
101 _aTEO
245 _aAmerican Civil Religion
_cRichey, R.E
942 _2udc
_cBK
999 _c49591
_d49591